[Event "Lima Palma Memorial U1850 1st"]
[Site "Lima"]
[Date "2018.01.27"]
[Round "7.19"]
[White "Puchuri Torres, Joseph Ricardo"]
[Black "Riveros Rodriguez, Yeral Manuel"]
[Result "0-1"]
[WhiteElo "1114"]
[BlackElo "1301"]
[PlyCount "60"]
[EventDate "2018.01.23"]
[EventType "swiss"]
[EventRounds "8"]
[EventCountry "PER"]
[SourceTitle "EXT 2024"]
[Source "ChessBase"]
[SourceDate "2023.10.10"]
[SourceVersion "1"]
[SourceVersionDate "2023.10.10"]
[SourceQuality "1"]

1. d4 d5 2. Bf4 e6 3. e3 Nf6 4. Nf3 c6 5. Be2 Be7 6. 0-0 Nbd7 7. Nbd2 0-0 8. c3 b6 9. Ne5 Bb7 10. h3 Nxe5 11. Bxe5 Nd7 12. Bf4 c5 13. b3 Rc8 14. a4 f6 15. Nf3 cxd4 16. cxd4 Bb4 17. Bh2 Qe7 18. Qb1 e5 19. dxe5 fxe5 20. Rd1 Rc3 21. Rc1 Rfc8 22. Qb2 Qf6 23. Rd1 Rc2 24. Bxe5 Nxe5 25. Qxe5 Qxe5 26. Nxe5 Rxe2 27. Nd3 Bc3 28. Rac1 Rd2 29. Nf4 Rxd1+ 30. Rxd1 Be5 0-1